Djibouti-visa - Statistics

Yleistilastot
  • Tätä visaa on pelattu 274 kertaa
  • Keskiarvotulos 10 / 18
Vastaustilastot
Vihje Vastaus % Oikein
Naapurimaat Eritrea
96%
Naapurimaat Somalia
96%
Naapurimaat Etiopia
95%
Virallinen uskonto Islam
92%
Pääkaupunki Djibouti
90%
Kaksi vesialuetta, jotka tuo salmi yhdistää {Punainen}meri
85%
Viralliset kielet Arabia
84%
Viralliset kielet Ranska
82%
Niemimaa, jossa Djibouti sijaitsee Afrikan sarvi
75%
Valuutta Frangi
55%
Valtakunta, johon Djibouti kuului 1577–1867 Osmanien valtakunta
52%
Kaksi vesialuetta, jotka tuo salmi yhdistää {Adenin}lahti
47%
Salmi, joka erottaa Djiboutin ja Jemenin Bab el {Mandeb}
17%
Järvi, joka on Afrikan matalin kohta Assaljärvi
16%
Kaksi suurinta etnistä ryhmää Issat
14%
Lahti, jonka ympärillä Djibouti sijaitsee Tadjouranlahti
13%
Kaksi suurinta etnistä ryhmää Afarit
12%
Sulttaanikunta, johon Djibouti kuului 1400- ja 1500-luvuilla Adalin sulttaanikunta
11%
Ehtoja vastaavia visoja ei löytynyt
Tulosjakauma
Jokaisen tuloksen saaneiden osuus
Persentiili vastausten määrän mukaan
Tuloshistoriasi
Et ole pelannut tätä visaa